Sports Quiz

Random Sports or MLB Quiz

MLB Highest Paid Player by Year Quiz Stats

 Plays Quiz Updated May 4, 2018

Challenge
Share
Tweet
Embed
Score 0/113 Timer 07:00
2 Plays Today
Year Player % Correct
2001Alex Rodriguez
96.6%
2002Alex Rodriguez
96.6%
2003Alex Rodriguez
96.6%
2004Alex Rodriguez
96.6%
2005Alex Rodriguez
96.6%
2006Alex Rodriguez
96.6%
2008Alex Rodriguez
96.6%
2009Alex Rodriguez
96.6%
2010Alex Rodriguez
96.6%
2011Alex Rodriguez
96.6%
2012Alex Rodriguez
96.6%
2013Alex Rodriguez
96.6%
1920Ty Cobb/Babe Ruth/Tris Speaker
92.3%
1922Babe Ruth
91.9%
1923Babe Ruth
91.9%
1924Babe Ruth
91.9%
1925Babe Ruth
91.9%
1926Babe Ruth
91.9%
1927Babe Ruth
91.9%
1928Babe Ruth
91.9%
1929Babe Ruth
91.9%
1930Babe Ruth
91.9%
1931Babe Ruth
91.9%
1932Babe Ruth
91.9%
1933Babe Ruth
91.9%
1934Babe Ruth
91.9%
1914Ty Cobb/Tris Speaker
77.1%
1910Ty Cobb/Nap Lajoie
77%
1911Ty Cobb/Nap Lajoie
77%
1948Joe DiMaggio/Ted Williams
77%
1951Joe DiMaggio/Ted Williams
77%
1916Ty Cobb
76.8%
1917Ty Cobb
76.8%
1918Ty Cobb
76.8%
1919Ty Cobb
76.8%
1921Ty Cobb
76.8%
1952Ted Williams
72.6%
1953Ted Williams
72.6%
Year Player % Correct
1954Ted Williams
72.6%
1955Ted Williams
72.6%
1958Mickey Mantle
72.3%
1962Mickey Mantle
72.3%
1942Joe DiMaggio
71%
1949Joe DiMaggio
71%
1950Joe DiMaggio
71%
2017Clayton Kershaw
63.8%
2016Clayton Kershaw
62.9%
1939Lou Gehrig/Hank Greenberg
61.6%
1937Mickey Cochrane/Lou Gehrig
60.7%
1935Lou Gehrig
60.7%
1938Lou Gehrig
60.7%
2018Mike Trout
57.6%
1959Willie Mays
56.8%
1960Willie Mays
56.8%
1961Willie Mays
56.8%
1963Willie Mays
56.8%
1964Willie Mays
56.8%
1965Willie Mays
56.8%
1967Willie Mays
56.8%
1968Willie Mays
56.8%
1969Willie Mays
56.8%
1970Willie Mays
56.8%
2015Clayton Kershaw
55.1%
1906Nap Lajoie
54.2%
1907Nap Lajoie
54.2%
1908Nap Lajoie
54.2%
1909Nap Lajoie
54.2%
1975Hank Aaron
51.7%
1976Hank Aaron
51.7%
1977Mike Schmidt
44.1%
1978Mike Schmidt
44.1%
1982Mike Schmidt
44.1%
1983Mike Schmidt
44.1%
1984Mike Schmidt
44.1%
1985Mike Schmidt
44.1%
1940Hank Greenberg
43.4%
Year Player % Correct
1941Hank Greenberg
43.4%
1946Hank Greenberg
43.4%
1912Roger Bresnahan/Jimmy Callahan/Hugh Jennings/Honus Wagner
37.8%
1980Nolan Ryan
36.2%
1956Yogi Berra
36%
1957Yogi Berra
36%
1936Mickey Cochrane
34.9%
1988Ozzie Smith
29.6%
1966Sandy Koufax
29.2%
1981Dave Winfield
26.3%
1997Albert Belle
25%
1999Albert Belle
25%
1991Darryl Strawberry
24.4%
2014Ryan Howard/Cliff Lee
24.3%
1971Carl Yastrzemski
24.1%
1972Carl Yastrzemski
24.1%
1995Cecil Fielder
23.3%
1996Cecil Fielder
23.3%
2000Kevin Brown
22.3%
1992Bobby Bonilla
20.5%
1993Bobby Bonilla
20.5%
1994Bobby Bonilla
20.5%
1986Jim Rice
18.8%
1987Jim Rice
18.8%
2007Jason Giambi
18.1%
1990Robin Yount
17.8%
1998Gary Sheffield
14.1%
1979Rod Carew
11.9%
1989Orel Hershiser/Frank Viola
7.1%
1973Dick Allen
5.8%
1974Dick Allen
5.8%
1947Hal Newhouser
5.7%
1945Lou Boudreau/Joe Cronin
3.9%
1943Joe Cronin
3.6%
1944Joe Cronin
3.6%
1913Fred Clarke
3.4%
1915Fred Clarke
3.4%

You're not logged in!

Compare scores with friends on all Sporcle quizzes.
OR
Log In

You Might Also Like...

Show Comments

Extras

Top Quizzes Today


Score Distribution

Your Account Isn't Verified!

In order to create a playlist on Sporcle, you need to verify the email address you used during registration. Go to your Sporcle Settings to finish the process.

Report this User

Report this user for behavior that violates our Community Guidelines.

Details: